000 00680cam a22002174a 4500
001 14652000
005 20170107103115.0
008 061130s2008 njua b 001 0 eng
020 _a9781292098067
040 _cPK-LaUMT
082 0 0 _a658.4038011
_222
_bVAL-I
100 1 _aValacich, Joseph
245 1 0 _aInformation systems today :
_bmanaging in the digital world /
_cJoseph Valacich and Christoph Schneider
250 _a7th ed.
260 _aBoston :
_bPearson ,
_c2016
300 _a526 p. :
_bcol. ill. ;
_c29 cm.
650 0 _aInformation technology.
650 0 _aInformation storage and retrieval systems
_xBusiness.
700 1 _aValacich, Joseph S.,
942 _cBK
999 _c89900
_d89900